<?xml version="1.0" encoding="UTF-8"?>
<record
    xmlns:xsi="http://www.w3.org/2001/XMLSchema-instance"
    xsi:schemaLocation="http://www.loc.gov/MARC21/slim http://www.loc.gov/standards/marcxml/schema/MARC21slim.xsd"
    xmlns="http://www.loc.gov/MARC21/slim">

  <leader>00416nam a2200157   4500</leader>
  <datafield tag="999" ind1=" " ind2=" ">
    <subfield code="c">1186</subfield>
    <subfield code="d">1186</subfield>
  </datafield>
  <controlfield tag="008">200113b           ||||| |||| 00| 0 eng d</controlfield>
  <datafield tag="082" ind1="0" ind2="0">
    <subfield code="a">621.381</subfield>
    <subfield code="b">B8217</subfield>
  </datafield>
  <datafield tag="100" ind1=" " ind2=" ">
    <subfield code="9">772</subfield>
    <subfield code="a">Branson, Lane K.</subfield>
  </datafield>
  <datafield tag="245" ind1="1" ind2="0">
    <subfield code="a">Introduction to Electronics</subfield>
  </datafield>
  <datafield tag="250" ind1=" " ind2=" ">
    <subfield code="a">1st ed.</subfield>
  </datafield>
  <datafield tag="260" ind1=" " ind2=" ">
    <subfield code="a">New Delhi</subfield>
    <subfield code="b">Prentice Hall</subfield>
    <subfield code="c">1967</subfield>
  </datafield>
  <datafield tag="300" ind1=" " ind2=" ">
    <subfield code="a">xix, 594 p.</subfield>
  </datafield>
  <datafield tag="365" ind1=" " ind2=" ">
    <subfield code="a">Rs.</subfield>
    <subfield code="d">20.00</subfield>
  </datafield>
  <datafield tag="650" ind1=" " ind2="0">
    <subfield code="a">Electronics</subfield>
  </datafield>
  <datafield tag="942" ind1=" " ind2=" ">
    <subfield code="2">ddc</subfield>
    <subfield code="c">BK</subfield>
  </datafield>
  <datafield tag="952" ind1=" " ind2=" ">
    <subfield code="0">0</subfield>
    <subfield code="1">0</subfield>
    <subfield code="2">ddc</subfield>
    <subfield code="4">0</subfield>
    <subfield code="6">621_381000000000000_B8217</subfield>
    <subfield code="7">0</subfield>
    <subfield code="9">3628</subfield>
    <subfield code="a">CL</subfield>
    <subfield code="b">CL</subfield>
    <subfield code="d">1974-08-03</subfield>
    <subfield code="l">1</subfield>
    <subfield code="o">621.381 B8217</subfield>
    <subfield code="p">04141</subfield>
    <subfield code="r">2024-11-27</subfield>
    <subfield code="s">2024-11-11</subfield>
    <subfield code="y">BK</subfield>
  </datafield>
  <datafield tag="952" ind1=" " ind2=" ">
    <subfield code="0">0</subfield>
    <subfield code="1">0</subfield>
    <subfield code="2">ddc</subfield>
    <subfield code="4">0</subfield>
    <subfield code="6">621_381000000000000_B8217</subfield>
    <subfield code="7">0</subfield>
    <subfield code="9">3629</subfield>
    <subfield code="a">CL</subfield>
    <subfield code="b">CL</subfield>
    <subfield code="d">1974-08-03</subfield>
    <subfield code="o">621.381 B8217</subfield>
    <subfield code="p">04142</subfield>
    <subfield code="r">2020-01-13</subfield>
    <subfield code="y">BK</subfield>
  </datafield>
  <datafield tag="952" ind1=" " ind2=" ">
    <subfield code="0">0</subfield>
    <subfield code="1">0</subfield>
    <subfield code="2">ddc</subfield>
    <subfield code="4">0</subfield>
    <subfield code="6">621_381000000000000_B8217</subfield>
    <subfield code="7">0</subfield>
    <subfield code="9">3630</subfield>
    <subfield code="a">CL</subfield>
    <subfield code="b">CL</subfield>
    <subfield code="d">1974-08-03</subfield>
    <subfield code="o">621.381 B8217</subfield>
    <subfield code="p">04143</subfield>
    <subfield code="r">2020-01-13</subfield>
    <subfield code="y">BK</subfield>
  </datafield>
  <datafield tag="952" ind1=" " ind2=" ">
    <subfield code="0">0</subfield>
    <subfield code="1">0</subfield>
    <subfield code="2">ddc</subfield>
    <subfield code="4">0</subfield>
    <subfield code="6">621_381000000000000_B8217</subfield>
    <subfield code="7">0</subfield>
    <subfield code="9">3631</subfield>
    <subfield code="a">CL</subfield>
    <subfield code="b">CL</subfield>
    <subfield code="d">1974-08-03</subfield>
    <subfield code="o">621.381 B8217</subfield>
    <subfield code="p">04144</subfield>
    <subfield code="r">2020-01-13</subfield>
    <subfield code="y">BK</subfield>
  </datafield>
  <datafield tag="952" ind1=" " ind2=" ">
    <subfield code="0">0</subfield>
    <subfield code="1">0</subfield>
    <subfield code="2">ddc</subfield>
    <subfield code="4">0</subfield>
    <subfield code="6">621_381000000000000_B8217</subfield>
    <subfield code="7">0</subfield>
    <subfield code="9">8605</subfield>
    <subfield code="a">CL</subfield>
    <subfield code="b">CL</subfield>
    <subfield code="d">2020-03-23</subfield>
    <subfield code="e">Universal Book Corporation, Bombay</subfield>
    <subfield code="g">20.00</subfield>
    <subfield code="o">621.381 B8217</subfield>
    <subfield code="p">05437</subfield>
    <subfield code="r">2020-03-23</subfield>
    <subfield code="y">BK</subfield>
  </datafield>
  <datafield tag="952" ind1=" " ind2=" ">
    <subfield code="0">0</subfield>
    <subfield code="1">0</subfield>
    <subfield code="2">ddc</subfield>
    <subfield code="4">0</subfield>
    <subfield code="6">621_381000000000000_B8217</subfield>
    <subfield code="7">0</subfield>
    <subfield code="9">8606</subfield>
    <subfield code="a">CL</subfield>
    <subfield code="b">CL</subfield>
    <subfield code="d">2020-03-23</subfield>
    <subfield code="e">Universal Book Corporation, Bombay</subfield>
    <subfield code="g">20.00</subfield>
    <subfield code="o">621.381 B8217</subfield>
    <subfield code="p">05438</subfield>
    <subfield code="r">2020-03-23</subfield>
    <subfield code="y">BK</subfield>
  </datafield>
</record>
